El último sueño / (Record no. 193230)
[ view plain ]
| 000 -LEADER | |
|---|---|
| campo de control de longitud fija | 01942nam a2200373 i 4500 |
| 001 - NÚMERO DE CONTROL | |
| campo de control | 193230 |
| 003 - IDENTIFICADOR DE NÚMERO DE CONTROL | |
| campo de control | SpMaBN |
| 005 - FECHA Y HORA DE LA ÚLTIMA TRANSACCIÓN | |
| campo de control | 20250712063135.0 |
| 007 - CAMPO FIJO DE DESCRIPCIÓN FÍSICA--INFORMACIÓN GENERAL | |
| campo de control de longitud fija | ta |
| 008 - DATOS DE LONGITUD FIJA--INFORMACIÓN GENERAL | |
| campo de control de longitud fija | 230511s2023 sp | |||| 000 j spa |
| 017 ## - NÚMERO DE COPYRIGHT O DE DEPÓSITO LEGAL | |
| Número de copyright o de depósito legal | B 2834-2023 |
| Agencia que asigna | Oficina Depósito Legal Barcelona |
| 020 ## - NÚMERO INTERNACIONAL ESTÁNDAR DEL LIBRO | |
| Número Internacional Estándar del Libro | 9788419437365 |
| 035 ## - NÚMERO DE CONTROL DEL SISTEMA | |
| Número de control de sistema | a7284294 |
| 040 ## - FUENTE DE CATALOGACIÓN | |
| Centro catalogador/agencia de origen | SpMaBN |
| Lengua de catalogación | spa |
| Centro/agencia transcriptor | SpMaBN |
| Normas de descripción | rda |
| 080 ## - NÚMERO DE LA CLASIFICACIÓN DECIMAL UNIVERSAL | |
| Número de la Clasificación Decimal Universal | 821.134.2-32"19" |
| 100 1# - ENTRADA PRINCIPAL--NOMBRE DE PERSONA | |
| Nombre de persona | Almodóvar, Pedro, |
| Fechas asociadas al nombre | 1949- |
| Relación | aut |
| Término indicativo de función/relación | Autor |
| 9 (RLIN) | 20157 |
| 245 13 - MENCIÓN DEL TÍTULO | |
| Título | El último sueño / |
| Mención de responsabilidad, etc. | Pedro Almodóvar |
| 250 ## - MENCION DE EDICION | |
| Mención de edición | Primera edición, primera reimpresión: abril de 2023 |
| 264 #1 - PRODUCCIÓN, PUBLICACIÓN, DISTRIBUCIÓN, FABRICACIÓN Y COPYRIGHT | |
| Producción, publicación, distribución, fabricación y copyright | [Barcelona] |
| Nombre del de productor, editor, distribuidor, fabricante | Reservoir Books, |
| Fecha de producción, publicación, distribución, fabricación o copyright | 2023 |
| 300 ## - DESCRIPCIÓN FÍSICA | |
| Extensión | 202 páginas ; |
| Dimensiones | 23 cm |
| 336 ## - TIPO DE CONTENIDO | |
| Término de tipo de contenido | Texto |
| Fuente | rdacontent |
| 337 ## - TIPO DE MEDIO | |
| Nombre/término del tipo de medio | sin mediación |
| Fuente | rdamedia |
| 338 ## - TIPO DE SOPORTE | |
| Nombre/término del tipo de soporte | volumen |
| Fuente | rdacarrier |
| 500 ## - NOTA GENERAL | |
| Nota general | Índice |
| 520 ## - RESUMEN, ETC. | |
| Sumario, etc. | El libro más personal de Pedro Almodóvar: un autorretrato articulado en doce relatos que revelan su pasión secreta por la escritura<br/> <br/><br/>"Un libro de hallazgos. Que Almodovar era un gran escritor ya lo sabía, sólo hacía falta descubrir desde cuando. De la infancia hasta anteayer, su escritura nos lleva de la mano por un bosque sorprendente. Nacer al reves, (al final), y vivir para atrás es sólo uno de sus talentos. Hay más, avanzar tambien como un tranvía (de deseo). Al leer estos relatos uno no sabe si ha sido invitado a su cabeza o a su alma. En cualquier caso, es un regalo. Y una dulce intromisión".<br/>Ray Loriga |
| 655 #7 - TERMINO DE INDIZACIÓN--GENERO/FORMA | |
| Datos o término principal de género/forma | Cuentos |
| 9 (RLIN) | 226829 |
| 852 ## - LOCALIZACIÓN | |
| Ubicación | ES-MaACL |
| Sublocalización o colección | R. 154629 |
| Ubicación en estantería | Depósito J |
| Donativo/Legado | Donación: Pedro Almodóvar |
| itemnumber | 200652 |
| Número de control de estantería | N-9393 |
| Encuadernación | Encuadernación rústica con solapas |
| 903 ## - NOMBRE PERSONAL DE DONANTE | |
| 9 | 20157 |
| a | Almodóvar, Pedro, |
| d | 1949- |
| e | Donante |
| 942 ## - ELEMENTOS DE ENTRADA SECUNDARIOS (KOHA) | |
| Suprimir en OPAC | No |
| Tipo de ítem Koha | Libro impreso |
| Estatus retirado | Estado de pérdida | Fuente del sistema de clasificación o colocación | Estado de daño | No para préstamo | Biblioteca de origen | Biblioteca actual | Ubicación en estantería | Fecha de adquisición | Fuente de adquisición | Número de control de estantería | Total de préstamos | Signatura topográfica completa | Código de barras | Visto por última vez | Tipo de ítem Koha |
|---|---|---|---|---|---|---|---|---|---|---|---|---|---|---|---|
| Clasificación decimal universal | Biblioteca del Ateneo de Madrid | Biblioteca del Ateneo de Madrid | Depósito J | 19/10/2023 | Donación | Ateneísta | N-9393 | 101205941 | 19/10/2023 | Libro impreso |
